[Event "Munich"]
[Site "Munich"]
[Date "1990.??.??"]
[Round "?"]
[White "Huebner, Robert"]
[Black "Van der Sterren, Paul"]
[Result "1/2-1/2"]
[WhiteElo "2595"]
[BlackElo "2515"]
[Annotator "Schussler,H"]
[PlyCount "43"]
[EventDate "1990.04.??"]
[EventType "tourn"]
[EventRounds "11"]
[EventCountry "GER"]
[EventCategory "13"]
[SourceTitle "CBM 018"]
[Source "ChessBase"]
[SourceDate "1990.10.01"]
[SourceVersion "1"]
[SourceVersionDate "1990.10.01"]
[SourceQuality "1"]

1. e4 e5 2. Nf3 Nc6 3. Bb5 a6 4. Ba4 Nf6 5. O-O Be7 6. Re1 b5 7. Bb3 d6 8. c3
O-O 9. h3 Nb8 10. d4 Nbd7 11. Nbd2 Bb7 12. Bc2 Re8 13. a4 Bf8 14. Bd3 c6 15.
Nf1 d5 16. Bg5 dxe4 17. Rxe4 Be7 18. Re1 exd4 19. Nxd4 Bf8 20. Nf5 h6 $146 {
New.} ({Beliavsky played} 20... Qc7 {in the Soviet championship last year, but
was slightly worse (and later lost) after} 21. Qd2 Rad8 22. Rxe8 Rxe8 23. Bf4
Qb6 24. a5 {Balashov,Y-Beliavsky,A/ URS-ch Odessa 1989/ 1-0 (68)}) 21. Be3 Ne5
22. Bc2 1/2-1/2

[Event "NED-ch45"]
[Site "Hilversum"]
[Date "1990.06.17"]
[Round "6"]
[White "Van der Wiel, John"]
[Black "Van der Sterren, Paul"]
[Result "1-0"]
[WhiteElo "2550"]
[BlackElo "2515"]
[Annotator "Schussler,H"]
[PlyCount "79"]
[EventDate "1990.06.11"]
[EventType "tourn"]
[EventRounds "11"]
[EventCountry "NED"]
[EventCategory "9"]
[SourceTitle "CBM 019"]
[Source "ChessBase"]
[SourceDate "1990.12.01"]
[SourceVersion "1"]
[SourceVersionDate "1990.12.01"]
[SourceQuality "1"]

1. e4 e5 2. Nf3 Nc6 3. Bb5 a6 4. Ba4 Nf6 5. O-O Be7 6. Re1 b5 7. Bb3 d6 8. c3
O-O 9. h3 Nb8 10. d4 Nbd7 11. Nbd2 Bb7 12. Bc2 Re8 13. a4 Bf8 14. Bd3 c6 15.
Nf1 d5 16. Bg5 dxe4 17. Rxe4 Be7 18. Re2 $1 {Instead of the stereotyped 18. e1,
played for instance in Sokolov, A - Beljavskij, White in the present game
creates the possibility of d2 putting pressure on the d-file.} exd4 19. Nxd4
Bf8 20. Rd2 c5 $2 21. Nxb5 $1 $18 Qb6 22. Na3 Ne5 23. Nc4 Nxc4 24. Bxc4 Ne4 25.
Qh5 g6 26. Bxf7+ $1 Kg7 27. Qh6+ Kh8 28. Qh4 Re5 29. Bf4 Rh5 30. Qg4 Nxd2 31.
Nxd2 Rf5 32. Bc4 Rd8 33. Re1 Qf6 34. Re6 Qg7 35. Re2 Bc8 36. Qg3 Be7 37. Nf3
Bf6 38. Ng5 Bxg5 39. Bxg5 Rdf8 40. Re7 {Time} 1-0

[Event "Kerteminde"]
[Site "Kerteminde"]
[Date "1991.??.??"]
[Round "2"]
[White "Jansa, Vlastimil"]
[Black "Van der Sterren, Paul"]
[Result "1/2-1/2"]
[WhiteElo "2495"]
[BlackElo "2475"]
[Annotator "Schussler,H"]
[PlyCount "94"]
[EventDate "1991.02.??"]
[EventType "tourn"]
[EventRounds "9"]
[EventCountry "DEN"]
[EventCategory "10"]
[SourceTitle "CBM 023"]
[Source "ChessBase"]
[SourceDate "1991.08.01"]
[SourceVersion "1"]
[SourceVersionDate "1991.08.01"]
[SourceQuality "1"]

1. e4 e5 2. Nf3 Nc6 3. Bb5 a6 4. Ba4 Nf6 5. O-O Be7 6. Re1 b5 7. Bb3 d6 8. c3
O-O 9. h3 Nb8 10. d4 Nbd7 11. Nbd2 Bb7 12. Bc2 Re8 13. Nf1 Bf8 14. Ng3 g6 15.
a4 c5 16. d5 c4 17. Bg5 h6 18. Be3 Nc5 19. Kh1 Rb8 20. Qd2 h5 21. axb5 axb5 22.
Ng5 Bh6 23. f4 h4 24. fxe5 Rxe5 25. Nf3 Bxe3 26. Qxe3 Re8 (26... Nxd5 27. Qh6
hxg3 28. Nxe5 dxe5 29. Rad1 Nf4 $13 {Popovic,P-Lalic,B, Vrdac 1989}) 27. Nxh4
Ng4 28. Qf4 $1 Qxh4 29. Rf1 Nd7 30. Bd1 Nde5 31. Bxg4 Bc8 32. Bxc8 Qxf4 33.
Rxf4 Rexc8 (33... Rbxc8 34. Rff1 Nd3 35. Ra7 Rf8 36. Ra2 b4 37. Ra6 Rcd8 $14 {
But in Ye Jiangchuan-Van der Sterren, Thessaloniki (ol) 1988 (Tourn. disk 1988
VI, game 701) Black managed to win after nine more moves.}) 34. Ne2 Ra8 35.
Rff1 Nd3 36. Nd4 Nf2+ 37. Kh2 Nxe4 38. Nxb5 Rxa1 39. Rxa1 Rb8 40. Ra5 Kg7 41.
h4 Rb6 42. Na3 Rxb2 43. Nxc4 Rc2 44. Ra6 Rxc3 45. Nxd6 Nf6 $10 46. g3 {46.
Ra7?? Ng4+ - +} Rc5 47. Kh3 {47.Ra7!?} Rxd5 1/2-1/2

[Event "WchT 2nd"]
[Site "Luzern"]
[Date "1989.??.??"]
[Round "5.2"]
[White "Nunn, John DM"]
[Black "Beliavsky, Alexander G"]
[Result "0-1"]
[WhiteElo "2575"]
[BlackElo "2620"]
[Annotator "Schussler,H"]
[PlyCount "80"]
[EventDate "1989.10.27"]
[EventType "team-tourn"]
[EventRounds "9"]
[EventCountry "SUI"]
[SourceTitle "CBM 016"]
[Source "ChessBase"]
[SourceDate "1990.06.01"]
[SourceVersion "1"]
[SourceVersionDate "1990.06.01"]
[SourceQuality "1"]
[WhiteTeam "England"]
[BlackTeam "Soviet Union"]
[WhiteTeamCountry "ENG"]
[BlackTeamCountry "URS"]

1. e4 e5 2. Nf3 Nc6 3. Bb5 a6 4. Ba4 Nf6 5. O-O Be7 6. Re1 b5 7. Bb3 d6 8. c3
O-O 9. h3 Nb8 10. d4 Nbd7 11. Nbd2 Bb7 12. Bc2 Re8 13. Nf1 Bf8 14. Ng3 g6 15.
a4 c5 16. d5 c4 17. Bg5 h6 18. Be3 Nc5 19. Kh1 Qe7 {The Queen starts an
adventurous journey to f8. Safer is 19. - Rb8 or 19. - Rc8.} 20. Qd2 h5 21. Bg5
Bg7 22. Nh4 {Preparing the thematic break f2-f4.} Qf8 23. Rf1 Nh7 24. f4 Bh6 (
24... Nxg5 25. fxg5 Qe7 26. Bd1 $1 {The forthcoming 27. Bxh5 will give White a
tremendous attack.}) 25. Ngf5 $6 {The simple 25. Bxh6 Qxh6 26. Rf2 would have
given White a promising position.} gxf5 26. Nxf5 Bg7 27. fxe5 Rxe5 28. Bf4 Rxf5
29. exf5 Nf6 30. Rf3 Re8 31. axb5 axb5 32. Ra7 Bxd5 33. Rg3 Kh8 34. Qd1 Nce4
35. Bxe4 Rxe4 36. Bg5 h4 37. Re3 Rxe3 38. Bxe3 Qe8 39. Qd2 Qe4 40. Bh6 Qxf5 0-1

[Event "Bern zt"]
[Site "Bern"]
[Date "1990.??.??"]
[Round "14"]
[White "Brunner, Lucas"]
[Black "Lev, Ronen"]
[Result "1/2-1/2"]
[WhiteElo "2525"]
[BlackElo "2390"]
[Annotator "Schussler,H"]
[PlyCount "141"]
[EventDate "1990.01.??"]
[EventType "tourn"]
[EventRounds "15"]
[EventCountry "SUI"]
[EventCategory "9"]
[SourceTitle "CBM 017"]
[Source "ChessBase"]
[SourceDate "1990.08.01"]
[SourceVersion "1"]
[SourceVersionDate "1990.08.01"]
[SourceQuality "1"]

1. e4 e5 2. Nf3 Nc6 3. Bb5 a6 4. Ba4 Nf6 5. O-O Be7 6. Re1 b5 7. Bb3 d6 8. c3
O-O 9. h3 Nb8 10. d4 Nbd7 11. Nbd2 Bb7 12. Bc2 Re8 13. Nf1 g6 14. a4 Bf8 15.
Ng3 Bg7 16. d5 Qb8 17. b3 c6 18. c4 bxc4 19. bxc4 a5 20. Bd3 Ba6 21. Be3 {
Kindermann developed this bishop to a3 in his game versus Lev in the same
tournament (See game 82/disk 17).} Qc7 22. Bf1 Reb8 23. Rb1 Rb4 24. Rxb4 axb4
25. Qb3 c5 26. Nd2 Bc8 27. Ra1 Ra5 28. Qa2 Nb6 29. Nb3 Rxa4 30. Qb2 Qa7 31. Bd3
Rxa1+ 32. Nxa1 Qa4 33. Nf1 Nxe4 34. Bxe4 Nxc4 35. Qb3 Qxa1 36. Qxc4 Ba6 37. Qc1
Qxc1 38. Bxc1 f5 39. Bb1 e4 40. Ne3 c4 41. g4 Bh6 42. gxf5 gxf5 43. Bd2 c3 44.
Bc1 Bxe3 45. fxe3 Bc4 46. Kf2 Bxd5 47. Bc2 Kf7 48. Kg3 Be6 49. Kf4 h6 50. Ba4
Kf8 51. Bb5 c2 52. Bd2 b3 53. Bc1 Ke7 54. Kg3 Kd8 55. Bf1 Kc7 56. Kf2 Kc6 57.
Ba3 Kb6 58. Ke1 f4 59. exf4 d5 60. Bb2 Kc5 61. h4 d4 62. Ba6 Kb4 63. Kd2 Kc5
64. Ba3+ Kb6 65. f5 e3+ 66. Kd3 Bxf5+ 67. Kxd4 Kxa6 68. Kxe3 Kb5 69. Kd2 Kc4
70. Bb2 Be6 71. Kc1 1/2-1/2

[Event "NED-ch45"]
[Site "Hilversum"]
[Date "1990.06.13"]
[Round "3"]
[White "Nijboer, Friso"]
[Black "Van der Sterren, Paul"]
[Result "1/2-1/2"]
[WhiteElo "2485"]
[BlackElo "2515"]
[Annotator "Schussler,H"]
[PlyCount "51"]
[EventDate "1990.06.11"]
[EventType "tourn"]
[EventRounds "11"]
[EventCountry "NED"]
[EventCategory "9"]
[SourceTitle "CBM 019"]
[Source "ChessBase"]
[SourceDate "1990.12.01"]
[SourceVersion "1"]
[SourceVersionDate "1990.12.01"]
[SourceQuality "1"]

1. e4 e5 2. Nf3 Nc6 3. Bb5 a6 4. Ba4 Nf6 5. O-O Be7 6. Re1 b5 7. Bb3 d6 8. c3
O-O 9. h3 Nb8 10. d4 Nbd7 11. Nbd2 Bb7 12. Bc2 Re8 13. a4 Bf8 14. Bd3 c6 15. b3
g6 16. Bb2 (16. Ba3 Qc7 17. Qc2 Rad8 18. Rab1 d5 19. Bxf8 Kxf8 20. b4 dxe4 21.
Bxe4 $14 {Dolmatov - Beljavskij, Soviet (ch), 1989}) 16... Bg7 17. Qb1 Qc7 18.
axb5 axb5 19. Rxa8 Bxa8 20. Qc2 Nh5 21. b4 Nf4 22. Bf1 Ne6 23. dxe5 Nxe5 24.
Nxe5 dxe5 25. Nf3 Rb8 26. c4 1/2-1/2

[Event "Leon"]
[Site "Leon"]
[Date "1991.??.??"]
[Round "?"]
[White "Magem Badals, Jordi"]
[Black "Vladimirov, Yevgeniy"]
[Result "0-1"]
[WhiteElo "2490"]
[BlackElo "2580"]
[Annotator "Schussler,H"]
[PlyCount "82"]
[EventDate "1991.06.??"]
[EventType "tourn"]
[EventRounds "9"]
[EventCountry "ESP"]
[EventCategory "10"]
[SourceTitle "CBM 025"]
[Source "ChessBase"]
[SourceDate "1991.12.01"]
[SourceVersion "1"]
[SourceVersionDate "1991.12.01"]
[SourceQuality "1"]

1. e4 e5 2. Nf3 Nc6 3. Bb5 a6 4. Ba4 Nf6 5. O-O Be7 6. Re1 b5 7. Bb3 d6 8. c3
O-O 9. h3 Nb8 10. d4 Nbd7 11. Nbd2 Bb7 12. Bc2 Re8 13. a4 (13. Nf1 Bf8 14. Ng3
g6 15. a4 (15. b3 d5 $1 16. exd5 Nxd5 17. dxe5 Nxc3 18. Qd3 Nd5 19. Bg5 Qc8 $17
{Polgar,J-Beljavskij,A Munich 1991.}) 15... c5 16. d5 c4 17. Be3 {This was
tried in Sion Castro,M-Bass,L (CBM 25/game 628). Usual is 17.Bg5 h6 18.Be3 in
order to weaken Black`s K-side. In any case White has a very slight initiative.
}) 13... Bf8 14. Bd3 c6 (14... b4 $5 15. a5 $5 d5 16. exd5 exd4 17. Rxe8 Qxe8
18. c4 $14 {Khalifman-Beljavskij, Soviet (ch) 1990.}) 15. b3 g6 16. Ba3 Qc7 17.
Qc2 Bg7 18. Rab1 Rad8 19. Bf1 d5 $10 20. exd5 Nxd5 21. b4 Qb8 22. Rbc1 Bc8 23.
Qb3 Bf8 24. dxe5 Nxe5 25. Nxe5 Rxe5 26. Rxe5 Qxe5 27. Nf3 Qf6 28. c4 bxa4 29.
Qxa4 Nf4 30. Qb3 Bg7 31. Re1 Be6 32. Qe3 h6 33. b5 $6 axb5 34. cxb5 cxb5 35.
Bxb5 Rb8 36. Ba4 Rc8 37. Bb4 Rc4 $17 38. Rb1 Qf5 39. Nd2 Bd4 40. Qf3 Bd5 41.
Qg4 Nxh3+ $1 {42.Qxh3 Qxf2+ (42. - Bxf2+ - + ) 43.Kh2 Rxb4 - +} 0-1

[Event "Interzonal-15"]
[Site "Manila"]
[Date "1990.??.??"]
[Round "11"]
[White "Sax, Gyula"]
[Black "Ivanchuk, Vassily"]
[Result "1/2-1/2"]
[WhiteElo "2600"]
[BlackElo "2680"]
[Annotator "Schussler,H"]
[PlyCount "62"]
[EventDate "1990.06.29"]
[EventType "swiss"]
[EventRounds "13"]
[EventCountry "PHI"]
[SourceTitle "CBM 019"]
[Source "ChessBase"]
[SourceDate "1990.12.01"]
[SourceVersion "1"]
[SourceVersionDate "1990.12.01"]
[SourceQuality "1"]

1. e4 {Sax} e5 2. Nf3 Nc6 3. Bb5 a6 4. Ba4 Nf6 5. O-O Be7 6. Re1 b5 7. Bb3 d6
8. c3 O-O 9. h3 Nb8 10. d4 Nbd7 11. Nbd2 Bb7 12. Bc2 Re8 13. Nf1 Bf8 14. a4 c5
15. Ng3 g6 16. Be3 $6 {16.d5 is standard here and for good reason. As Ivanchuk
shows 16.Be3 only gives White problems. After a forced sequence of moves Sax
barely manages to draw the ensuing endgame.} exd4 (16... Qc7 {Sax} 17. Qd2 exd4
18. cxd4 Nb6 19. Bg5 Bg7 20. Rac1 Nc4 21. Qc3 $14) 17. cxd4 Bxe4 (17... Nxe4 $2
{Sax} 18. Bxe4 Bxe4 19. Bg5 $1 Bxf3 20. Bxd8 Bxd1 21. Rxe8 $16) 18. Nxe4 Nxe4
19. Bxe4 Rxe4 20. dxc5 Nxc5 21. Qd5 (21. axb5 {Sax} axb5 22. Qd5 Re8 (22...
Rea4 23. Rxa4 bxa4 24. Ng5 Ra7 25. Ne4 $1 Qa5 26. Bd2 {/\ Nf6+-}) 23. Ng5 (23.
b4 $10) 23... Ne6 24. Nxe6 fxe6 25. Qxb5 Rb8 26. Qe2 Bg7 27. Reb1 Rb3 28. Ra7
Qb8 29. Qa6 $1 $14) 21... bxa4 (21... Re8 {Sax}) 22. Ng5 Re7 23. Rad1 (23. Bd4
{Sax} Rc8 24. Re3 Qd7 {/\ Qb7-/+}) 23... Nd7 (23... Rb8 $1 {Sax} 24. Nxf7 Rxf7
25. Bxc5 Rxb2 26. Bd4 Rc2 {/\ Qd7-b7-/+}) 24. Qc6 Qc8 25. Qxa4 Qb7 26. Bd4 Qb5
(26... Rae8 $5 {Sax}) 27. Qxb5 axb5 28. Rxe7 Bxe7 29. Ne4 b4 30. Be3 Nf6 (30...
Ra6 {Sax} 31. Bf4 (31. Rc1 d5 32. Rc7 dxe4 33. Rxd7 Kf8 $17) 31... Ne5 32. Rd5
f5 33. Nxd6 Rxd6 34. Rxe5 Rd1+ 35. Kh2 Bd6 36. Re8+ Kf7 37. Bxd6 Kxe8 38. Bxb4
$15) 31. Rd4 d5 (31... d5 {Sax} 32. Nxf6+ Bxf6 33. Rxb4 Ra1+ 34. Kh2 Rb1 $10)
1/2-1/2

[Event "EU-Cup 11th final"]
[Site "Ljubljana"]
[Date "1995.11.30"]
[Round "1"]
[White "Shirov, Alexei"]
[Black "Leko, Peter"]
[Result "1-0"]
[WhiteElo "2695"]
[BlackElo "2605"]
[Annotator "Shirov,A"]
[PlyCount "98"]
[EventDate "1995.11.30"]
[EventType "team-k.o."]
[EventRounds "3"]
[EventCountry "SLO"]
[SourceTitle "EXT 2020"]
[Source "ChessBase"]
[SourceDate "2019.10.17"]
[SourceVersion "1"]
[SourceVersionDate "2019.10.17"]
[SourceQuality "1"]
[WhiteTeam "Berlin SV Empor"]
[BlackTeam "Budapest Honved"]
[WhiteTeamCountry "GER"]
[BlackTeamCountry "HUN"]

1. e4 {Wedberg} e5 2. Nf3 Nc6 3. Bb5 a6 4. Ba4 Nf6 5. O-O Be7 6. Re1 b5 7. Bb3
d6 8. c3 O-O 9. h3 Nb8 10. d4 Nbd7 11. Nbd2 Bb7 12. Bc2 Re8 13. a4 Bf8 14. b4
Nb6 15. a5 Nbd7 16. Bb2 Rb8 17. Rb1 h6 (17... Ba8 {Wedberg} 18. Ba1 g6 19. dxe5
Nxe5 20. Nxe5 dxe5 21. c4 bxc4 22. Bc3 c5 (22... Bc6 23. Qe2 Bb5 24. Nxc4 c5
25. bxc5 Rc8 26. Bb3 Rxc5 27. Bb4 Rc6 $10 {Browne,W-Karpov,An/Amsterdam/1976})
23. bxc5 Rxb1 24. Qxb1 Bxc5 25. Nxc4 Qc7 $15 {Thorsteins,K-Hjartarson,J/
Westmann Islands/1985}) 18. Ba1 Ba8 19. Re3 {N} (19. dxe5 $6 {Wedberg} dxe5 20.
c4 c5 $1 $10 {Hjartarson,J-Beliavsky,A/Belfort WCup/1988}) 19... g6 20. Qe2
$146 (20. c4) 20... c6 (20... Bg7 21. d5 c6 $10) 21. c4 Bg7 $2 (21... bxc4 22.
dxe5 $14 (22. dxe5 {Wedberg} dxe5 23. Qxc4 c5 $132)) (21... exd4 $1 22. Bxd4
bxc4 23. Nxc4 d5 $10 (23... c5 $132)) 22. dxe5 dxe5 23. c5 $16 Nh5 $6 (23...
Bb7 $142 24. Rd3 Qc7 $16) 24. g3 Qc7 25. Rd3 Rbd8 (25... Nf8 26. Nf1 Ne6 27.
Rd6 $16) 26. Rd1 Nf8 27. Nf1 Rxd3 28. Qxd3 Nf6 (28... Qc8 29. Kh2 $18) 29. Ne3
Bb7 30. Kg2 Qb8 31. Bb2 Qc7 32. Bb3 Re7 $6 (32... Qb8 33. Ng4 $5 (33. Bxf7+ $5
Kxf7 34. Qb3+ $40) 33... Nxg4 34. hxg4 $16) 33. Qd8 $1 (33. Qd6 Nxe4 34. Qxc7
Rxc7 35. Bxe5 Rd7 $1 {Leko} (35... Bxe5 36. Nxe5 $18) 36. Re1 $16) 33... Qxd8 (
33... Nxe4 34. Ng4 $1 Rd7 (34... Qxd8 35. Rxd8 Rd7 36. Rb8 $1 $18) 35. Qxc7
Rxc7 36. Bxe5 Rd7 37. Re1 Nd2 38. Nxd2 Rxd2 39. Nf6+ Bxf6 40. Bxf6 Rd3 (40...
Bc8 41. Re7 $18) 41. Re8 Rxb3 42. Be7 Rd3 (42... Rxb4 43. Rxf8+ Kg7 44. Rb8 $18
) 43. Bxf8 $18) 34. Rxd8 N6d7 (34... Rd7 35. Rb8 $18) 35. Nh4 $18 Kh7 36. Nhf5
gxf5 37. Nxf5 Bf6 38. Nxe7 Bxe7 39. Re8 Bg5 40. Bxf7 Kg7 41. Bb3 Bf6 42. f4 Ng6
43. f5 Ngf8 44. h4 Kh7 45. Kh3 Kg7 46. g4 Kh7 47. Bc1 Bg7 48. g5 hxg5 49. hxg5
Kh8 1-0

[Event "Grenke Chess Classic 3rd"]
[Site "Baden-Baden"]
[Date "2015.02.07"]
[Round "5"]
[White "Carlsen, Magnus"]
[Black "Baramidze, David"]
[Result "1-0"]
[WhiteElo "2865"]
[BlackElo "2594"]
[Annotator "Szabo,Kr"]
[PlyCount "97"]
[EventDate "2015.02.02"]
[EventType "tourn"]
[EventRounds "7"]
[EventCountry "GER"]
[EventCategory "20"]
[SourceTitle "CBM 165"]
[Source "ChessBase"]
[SourceDate "2015.03.11"]
[SourceVersion "1"]
[SourceVersionDate "2015.03.11"]
[SourceQuality "1"]

1. e4 e5 2. Nf3 Nc6 3. Bb5 a6 4. Ba4 Nf6 5. O-O Be7 6. Re1 b5 7. Bb3 d6 8. c3
O-O 9. h3 Nb8 10. d4 Nbd7 11. Nbd2 Bb7 12. Bc2 Re8 13. Nf1 Bf8 14. Ng3 g6 15.
a4 Bg7 ({The} 15... c5 16. d5 c4 {line is more popular.}) 16. Bd3 c6 17. Bg5 ({
On the next day Anand played} 17. Be3 {against Baramidze} Qc7 18. Qd2 exd4 19.
cxd4 c5 20. d5 c4 21. Bc2 Rec8 22. axb5 c3 23. bxc3 Nxd5 24. exd5 Bxc3 25. Qd1
Bxa1 26. Qxa1 axb5 27. Qd4 $1 {with a promising position for White, later he
managed to win, Anand-Baramidze, Baden Baden 2015.}) 17... Nf8 18. Qd2 Ne6 19.
Bh6 Nd7 20. Bc2 Bxh6 21. Qxh6 Qf6 22. Rad1 Rad8 23. d5 $146 {The first new
move in the game.} (23. Rd2 exd4 24. Nxd4 Qf4 25. Qxf4 Nxf4 26. Nde2 Nxe2+ 27.
Rdxe2 Nb6 28. a5 Nc8 29. Rd1 {with a nearly equal endgame, but White is more
comfortable, N.Djukic-Nikcevic, Tivat 2011.}) 23... cxd5 24. exd5 Qf4 {A
logical decision, Black exchanges the Qs and he tries to level the endgame.}
25. Qxf4 Nxf4 26. Ne4 Bxd5 27. axb5 axb5 28. Nxd6 {So far Baramidze has done a
nice job defending and creating counterplay. His pieces are active and give
counterplay even if he loses the b5 P too.} Re6 $2 {This looks logical move is
a mistake. The R will be attackable on e6.} (28... Bxf3 29. gxf3 Re7 30. Nxb5
Rb8 31. c4 Nxh3+ 32. Kh2 Nf4 $13) ({or} 28... Rf8 $1 29. Ne4 (29. Nxb5 Rb8 $11
{and the P is regained on b2.}) 29... f5 30. Neg5 Rfe8 $132 {and Black looks
nicely placed.}) 29. Ne4 $1 {The right reply!} (29. Nxb5 {could have been met
by} Rb6 $11 {and the b2 P is lost.}) 29... f5 ({In the event of} 29... Nb6 30.
Nfg5 Re7 31. g3 Nh5 32. Bd3 $14 {and White is slightly better.}) 30. Nfg5 $1 {
A very strong intermediate move. He attacks the e6 R, moreover he protects the
h3 P, so he prepares for g3 too.} Re7 (30... fxe4 $6 {is dubious, because of}
31. Rxd5 $1 Nxd5 32. Nxe6 $16 {and White is better.}) 31. g3 $1 {Another great
answer! The N on f4 cannot move, because the B on d5 is hanging, and in the
awkward positions of Black's Rs and the pinned N on d7 his structure will be
compromised.} Bxe4 32. Bxe4 fxe4 ({In the event of} 32... Nxh3+ 33. Nxh3 fxe4
34. Ng5 $16 {and White has a wonderful position.}) 33. gxf4 Rf8 (33... exf4 34.
Rxe4 Rde8 (34... Rxe4 35. Nxe4 $16 {the pin is very unpleasant for Black.}) 35.
Rxf4 {and White is a healthy P up.}) 34. Nxe4 Rxf4 35. b4 $1 {A good move.
White fixes the b5 P. Material is still even, but White's N on e4 is monstrous
and he will win the b5 P soon.} Nf6 (35... Nb6 36. Nd6 Rf3 37. Nxb5 Rxh3 38.
Rd6 Nc4 39. Rd8+ Kf7 40. Re4 {and White's two Ps on the queenside are really
strong.}) 36. Nd6 Rf3 37. Nxb5 Rxh3 38. c4 {White's Ps are very fast, the
position is very unpleasant for Black.} Rh4 (38... Rb3 {could have been met by
the tricky} 39. Nd4 $1 {and in the event of the P being captured with} Rxb4 40.
Nc6 {and White should win the endgame.}) 39. Nd6 Nh5 40. b5 Nf4 {Black tries
to create some counterplay against White's K, but it is not dangerous.} 41. b6
Rg4+ 42. Kf1 Rh4 43. f3 {This is the point! White simply avoids the mate,
Black has no hope.} Rh1+ 44. Kf2 Rh2+ 45. Kg1 Rc2 (45... Rb2 46. Rb1 $18) 46.
Kh1 ({The careless} 46. b7 $2 {is bad, because of} Nh3+ 47. Kh1 Nf2+ 48. Kg1
Nh3+ $11 {and Black survives with perpetual checks.}) 46... Nh3 47. Ne4 {
The N comes back to defend against Nf2+. There were other winning moves too,
but this is the easiest practical reply.} Rxc4 48. Rd8+ $1 Kg7 49. Rb1 {
and Black resigned, because he can't defend against b7. Very nice technique by
Carlsen!} 1-0

[Event "RUS-ch"]
[Site "Elista"]
[Date "1994.??.??"]
[Round "5"]
[White "Sokolov, Andrei"]
[Black "Notkin, Maksim"]
[Result "1-0"]
[WhiteElo "2580"]
[BlackElo "2465"]
[Annotator "Vasiukov,E"]
[PlyCount "101"]
[EventDate "1994.09.??"]
[EventType "swiss"]
[EventRounds "11"]
[EventCountry "RUS"]
[SourceTitle "CBM 044"]
[Source "ChessBase"]
[SourceDate "1995.02.01"]
[SourceVersion "1"]
[SourceVersionDate "1995.02.01"]
[SourceQuality "1"]

1. e4 e5 2. Nf3 Nc6 3. Bb5 a6 4. Ba4 Nf6 5. O-O Be7 6. Re1 b5 7. Bb3 d6 8. c3
O-O 9. h3 Nb8 10. d4 Nbd7 11. Nbd2 Bb7 12. Bc2 Re8 13. a4 Bf8 14. Bd3 c6 15. b3
g6 (15... d5 $6 16. dxe5 Nxe4 17. Nxe4 dxe4 18. Bxe4 (18. Rxe4 $6 c5 19. Rh4 h6
{/\ Bf3}) 18... Nxe5 19. Nxe5 Qxd1 (19... Rxe5 $2 20. Bxh7+ Kxh7 21. Qc2+ $18)
20. Rxd1 Rxe5 21. Bf3 $16) 16. Qc2 Nh5 17. Bb2 Bg7 18. Bf1 Qb6 (18... Nf4 19.
g3 Ne6 20. h4 Qb6 21. Qd3 {Karpov}) 19. b4 Nf4 20. Nb3 (20. Rad1 Rad8 21. g3
Nh5 22. Qb3 d5 $2 (22... Qa7 $5 {Matanovic}) 23. a5 $1 Qc7 24. Bg2 Nhf6 25.
exd5 cxd5 (25... Nxd5 $5 {Matanovic}) 26. Nxe5 Nxe5 27. dxe5 Rxe5 28. Rxe5 Qxe5
29. c4 $16 {Matanovic,A-Ivkov,B/YUG/1978/1:0/26/}) (20. dxe5 Nxe5 (20... dxe5
21. c4 $16) 21. Nxe5 dxe5 22. c4 $1 Rad8 23. axb5 $1 axb5 24. Ra5 $1 Bf8 25.
Bc3 Ne6 26. Nf3 Nd4 27. Bxd4 exd4 28. c5 Qc7 29. Ra7 $1 Qb8 30. Qa2 d3 31. Ra3
d2 32. Nxd2 Rd4 33. e5 $1 $16 {Karpov,A-Beliavsky,A/Biel/1992/1:0/39/}) 20...
Rac8 21. Rad1 Ne6 22. Na5 Ba8 23. Qb3 (23. dxe5 $2 Nxe5 24. Rxd6 Nxf3+ 25. gxf3
Be5 26. Rd7 c5 $44 27. c4 Ng5 $1 $17) 23... Rcd8 24. Qa2 c5 $2 (24... h6 $14)
25. axb5 axb5 (25... cxd4 26. bxa6 $16) (25... cxb4 26. Nc4 Qc7 27. d5 $1 $16)
26. bxc5 dxc5 27. d5 $1 Nc7 28. c4 $1 b4 29. Ra1 Rb8 30. Qa4 Qd6 31. Bd3 Nb6 (
31... Rb6 $5) 32. Qc2 f6 (32... Nd7 $5) 33. h4 Red8 34. Bf1 Nd7 35. h5 Rb6 36.
Nh4 Nf8 37. Bc1 Rdb8 38. Nb3 Na6 (38... Bb7 $2 39. h6 Bh8 40. Nxc5 Qxc5 41. Be3
$18) 39. Be3 {/\ 40.Ra6 Ra6 41.Bc5} Rc8 40. Ra5 Kf7 41. g3 Bb7 42. Bh3 Rc7 43.
h6 $1 Bh8 44. f4 Nd7 45. Be6+ Ke8 46. f5 $18 g5 47. Nf3 Qf8 48. Qh2 Ndb8 49.
Rea1 Bc8 50. Ne1 Bxe6 51. fxe6 $138 1-0